Business statistics :concepts and application / (Record no. 3570)

000 -LEADER
fixed length control field 01106cam a2200337 a 4500
001 - CONTROL NUMBER
control field 13382473
003 - CONTROL NUMBER IDENTIFIER
control field OSt
005 - DATE AND TIME OF LATEST TRANSACTION
control field 20161014140519.0
008 - FIXED-LENGTH DATA ELEMENTS--GENERAL INFORMATION
fixed length control field 031024s2005 njua b 001 0 eng
010 ## - LIBRARY OF CONGRESS CONTROL NUMBER
LC control number 2003063291
020 ## - INTERNATIONAL STANDARD BOOK NUMBER
International Standard Book Number 9781442549272
040 ## - CATALOGING SOURCE
Original cataloging agency DLC
Transcribing agency DLC
Modifying agency DLC
050 00 - LIBRARY OF CONGRESS CALL NUMBER
Classification number HF1017.B47 2013
082 00 - DEWEY DECIMAL CLASSIFICATION NUMBER
Classification number 519.5
Edition number 22
100 ## - MAIN ENTRY--PERSONAL NAME
Personal name Berenson,Mark
245 00 - TITLE STATEMENT
Title Business statistics :concepts and application /
Statement of responsibility, etc Mark Berenson...[et al]
250 ## - EDITION STATEMENT
Edition statement 2nd ed.
260 ## - PUBLICATION, DISTRIBUTION, ETC. (IMPRINT)
Place of publication, distribution, etc Australia . :
Name of publisher, distributor, etc Pearsonl,
Date of publication, distribution, etc c2013.
300 ## - PHYSICAL DESCRIPTION
Extent xvii,792 p. :
Other physical details col. ill. ;
Dimensions 29 cm. +
Accompanying material 1 CD-ROM (4 3/4 in.)
504 ## - BIBLIOGRAPHY, ETC. NOTE
Bibliography, etc Includes bibliographical references and index.
650 #0 - SUBJECT ADDED ENTRY--TOPICAL TERM
Topical term or geographic name as entry element Commercial statistics.
650 #0 - SUBJECT ADDED ENTRY--TOPICAL TERM
Topical term or geographic name as entry element Statistical decision.
700 ## - ADDED ENTRY--PERSONAL NAME
Personal name Levine,David M.
700 ## - ADDED ENTRY--PERSONAL NAME
Personal name Krehbiel,Timothy C.
700 ## - ADDED ENTRY--PERSONAL NAME
Personal name Watson,Judith
700 ## - ADDED ENTRY--PERSONAL NAME
Personal name Jayne,Nicola
700 ## - ADDED ENTRY--PERSONAL NAME
Personal name O`Brien,Martin
906 ## - LOCAL DATA ELEMENT F, LDF (RLIN)
a 7
b cbc
c orignew
d 1
e ocip
f 20
g y-gencatlg
942 ## - ADDED ENTRY ELEMENTS (KOHA)
Source of classification or shelving scheme
Koha item type Book
Holdings
Withdrawn status Lost status Source of classification or shelving scheme Damaged status Not for loan Home library Current library Shelving location Date acquired Total Checkouts Full call number Barcode Date last seen Copy number Price effective from Koha item type
          Riara University Library Riara University Library General stack 14/10/2016   HF1017.B47 2013 8259/16 14/10/2016 C.1 14/10/2016 Book

Riara University Library,
P.O. Box 49940-00100,
Nairobi, Kenya.